000 00380nam a22001697a 4500
005 20160628152040.0
008 160628b xxu||||| |||| 00| 0 eng d
020 _a978-87-7989-794-0
041 _aeng
082 _b10625
100 _aHubard, L. Ron
_93102
245 _aThe Problems of work
260 _bNew Era
300 _a147
650 _aManagement
_9241
942 _cBK
999 _c4514
_d4513